Normal view
MARC view
- سوريا: وزارة التعليم العالي
Entry Personal Name
001 - CONTROL NUMBER
- control field: 5033
003 - CONTROL NUMBER IDENTIFIER
- control field: JO-AjAnu
005 - DATE AND TIME OF LATEST TRANSACTION
- control field: 20230606071123.0
008 - FIXED-LENGTH DATA ELEMENTS
- fixed length control field: 230606|| aca||aabn | a|a d
040 ## - CATALOGING SOURCE
- Original cataloging agency: JO-AjAnu
- Transcribing agency: JO-AjAnu
100 ## - HEADING--PERSONAL NAME
- Personal name: سوريا: وزارة التعليم العالي
670 ## - SOURCE DATA FOUND
- Source citation: Work cat.: (JO-AjAnu)2601: سوريا: وزارة التعليم العالي, author, the 4th conference on Scientific Research Outlook & Technology Development in the Arab World Dec. 11-14, 2006 - Umayyad palace , Damascus syrian Arab Republic: Book OF Extended Abstracts, part 11